000 00415nam a22001337a 4500
999 _c7728
_d7728
005 20190313111406.0
008 190313b ||||| |||| 00| 0 eng d
022 _a9789993628590
082 _a315.498 N27t 2018
245 _a2017 population & housing census of Bhutan ;
_bPema Gatshel Dzongkhag.
260 _aThimphu ;
_bNational Statisitcs Bureau,
_c2018.
300 _aviii, 74 p.
_c24 cm.
942 _2ddc
_cPERIODICAL